|
|
|
|
| LEADER |
00000nab a2200000ua 4500 |
| 001 |
vtls010780060 |
| 003 |
SK-MaSNL |
| 005 |
20260303123503.0 |
| 008 |
230214s2007 xo |||||||||||||||||eng| |
| 035 |
|
|
|a (urnnbn)urn:nbn:sk:snk:ar-a03ipn
|
| 035 |
|
|
|a (uuid)de29a52b-4da0-4e1e-85fb-902b6263db00
|
| 035 |
|
|
|a urn:nbn:sk:snk-ab5anp
|
| 040 |
|
|
|a SNKBUCL
|b slo
|c SNKBUCL
|e AACR2
|
| 041 |
0 |
|
|a eng
|
| 044 |
|
|
|a xo
|c SK
|
| 100 |
1 |
|
|a Salagovic, J.
|4 aut
|9 1139286
|
| 245 |
1 |
0 |
|a Genetic polymorphisms of the renin angiotensin system in patients with vasovagal syncope
|c J. Salagovic, M. Mudrakova, P. Mitro, V. Habalova
|
| 700 |
1 |
|
|a Mudrakova, M.
|4 aut
|9 1139287
|
| 700 |
1 |
|
|a Mitro, Peter,
|d 1968-
|4 aut
|9 12623
|
| 700 |
1 |
|
|a Habalová, Viera,
|d 1968-
|4 aut
|9 195073
|
| 773 |
0 |
|
|t Bratislavské lekárske listy
|g Roč. 108, č. 1 (2007), s. 37
|
| 958 |
|
|
|a OND
|
| 958 |
|
|
|a EUIPO
|
| 958 |
|
|
|a article3
|
| 999 |
|
|
|c 1926310
|d 1928240
|